[Event "New England Masters"]
[Site "Peabody United States"]
[Date "2007.08.16"]
[Round "6"]
[White "Shankland, Samuel"]
[Black "Bournival, Braden"]
[Result "1/2-1/2"]
[WhiteElo "2166"]
[BlackElo "2291"]
[PlyCount "75"]
[EventDate "2007.08.13"]
[Source "MonRoi"]

1. d4 d5 2. c4 c6 3. Nc3 Nf6 4. cxd5 cxd5 5. Nf3 Nc6 6. Bf4 Bf5 7. e3 e6 8. Be2
Bb4 9. O-O O-O 10. Rc1 Rc8 11. Na4 Ne4 12. a3 Bd6 13. Bxd6 Nxd6 14. Nc5 b6 15.
Nb3 a5 16. Ba6 Rc7 17. Qe2 a4 18. Nbd2 Na5 19. Bb5 Bc2 20. Ne1 Bb3 21. Nxb3
axb3 22. Rxc7 Qxc7 23. Bd3 Ne4 24. Nf3 Rc8 25. Nd2 Nd6 26. Rb1 Ndc4 27. Qd1
Nxd2 28. Qxd2 g6 29. g3 e5 30. dxe5 Qxe5 31. Qb4 Rc6 32. Qf4 Qxf4 33. gxf4 d4
34. Kf1 dxe3 35. fxe3 Kf8 36. Ke2 Rc5 37. Kd2 Ke7 38. h4 1/2-1/2

[Event "New England Masters"]
[Site "Peabody United States"]
[Date "2007.08.16"]
[Round "6"]
[White "Vishnuvardhan, Arjun"]
[Black "Hess, Robert"]
[Result "0-1"]
[WhiteElo "2325"]
[BlackElo "2439"]
[PlyCount "78"]
[EventDate "2007.08.13"]
[Source "MonRoi"]

1. e4 e5 2. Bc4 Nf6 3. d3 c6 4. Nf3 d5 5. Bb3 Bb4+ 6. c3 Bd6 7. Nbd2 O-O 8. O-O
dxe4 9. dxe4 Qe7 10. Qe2 Na6 11. Nc4 Bc7 12. Bc2 Rd8 13. b4 Nb8 14. a4 b6 15.
Ba3 Nbd7 16. Rfd1 Bb7 17. Ne3 Nf8 18. Nf5 Qe8 19. b5 c5 20. Nd2 Ne6 21. g3 Rd7
22. Nc4 Rad8 23. f3 g6 24. Nfe3 h5 25. Ng2 Ng5 26. Nce3 Qe6 27. h4 Ngh7 28. Kh2
g5 29. Nf5 g4 30. Nge3 gxf3 31. Qxf3 Rd2+ 32. Kg1 Rxc2 33. Rxd8+ Bxd8 34. Qd1
Bxe4 35. Qxd8+ Nf8 36. Ne7+ Kg7 37. Nxc2 Qh3 38. Qd2 Qxg3+ 39. Kf1 Bd3+ 0-1

[Event "New England Masters"]
[Site "Peabody United States"]
[Date "2007.08.16"]
[Round "6"]
[White "Rensch, Daniel"]
[Black "Figler, Ilye"]
[Result "1-0"]
[WhiteElo "2400"]
[BlackElo "2332"]
[PlyCount "119"]
[EventDate "2007.08.13"]
[Source "MonRoi"]

1. e4 c6 2. d4 d5 3. exd5 cxd5 4. c4 Nf6 5. Nc3 e6 6. Nf3 Bb4 7. cxd5 Nxd5 8.
Bd2 Nc6 9. Bd3 O-O 10. O-O Be7 11. Qe2 Ndb4 12. Be4 f5 13. Bb1 Nxd4 14. Nxd4
Qxd4 15. a3 Nc6 16. Ba2 Qe5 17. Qxe5 Nxe5 18. Nb5 Kf7 19. Bc3 Nd3 20. Nc7 Rb8
21. Rad1 Rd8 22. Bc4 Nf4 23. Nb5 Bd7 24. Be5 Rbc8 25. Nc7 Ng6 26. Rxd7 Nxe5 27.
Bxe6+ Kf6 28. Rxe7 Kxe7 29. Bxc8 Rxc8 30. Nb5 a6 31. Re1 axb5 32. Rxe5+ Kd6 33.
f4 Rc5 34. Re2 b4 35. axb4 Rc4 36. Rd2+ Kc7 37. Re2 g6 38. Re7+ Kb6 39. Rxh7
Rxf4 40. Rg7 Rxb4 41. Rxg6+ Ka5 42. Rg5 Rb5 43. g4 Rxb2 44. Rxf5+ b5 45. g5 Rb4
46. Kg2 Ka4 47. Kg3 Rb1 48. Rf8 Rg1+ 49. Kh4 b4 50. Ra8+ Kb3 51. Kh5 Kc3 52.
Rc8+ Kd3 53. Rb8 Kc3 54. h4 b3 55. g6 b2 56. Kh6 b1=Q 57. Rxb1 Rxb1 58. g7 Rg1
59. h5 Kd4 60. Kh7 1-0

[Event "New England Masters"]
[Site "Peabody United States"]
[Date "2007.08.16"]
[Round "6"]
[White "Alvarez, Franklin"]
[Black "Rizzitano, James"]
[Result "0-1"]
[WhiteElo "2200"]
[BlackElo "2328"]
[PlyCount "65"]
[EventDate "2007.08.13"]
[Source "MonRoi"]

1. e4 c5 2. Nf3 e6 3. c3 Nf6 4. e5 Nd5 5. d4 cxd4 6. cxd4 b6 7. Nc3 Nxc3 8.
bxc3 Qc7 9. Bd2 Bb7 10. Bd3 d6 11. O-O Nd7 12. Re1 dxe5 13. Nxe5 Nxe5 14. Rxe5
Bd6 15. Rh5 g6 16. Rh3 h5 17. Qe2 O-O-O 18. Bb5 Kb8 19. a4 a5 20. c4 g5 21. c5
bxc5 22. dxc5 Bxc5 23. Rc1 Qd6 24. Rd3 Bd4 25. Bxa5 Rc8 26. Rb1 Qd5 27. Qf1 Rc2
28. Be1 Ka7 29. Rdb3 Rd8 30. Bd3 Rb2 31. Rb5 Rxb5 32. Rxb5 Qc6 33. Rxg5 0-1

[Event "New England Masters"]
[Site "Peabody United States"]
[Date "2007.08.16"]
[Round "6"]
[White "Haessel, Dale"]
[Black "Bick, John"]
[Result "1/2-1/2"]
[WhiteElo "2136"]
[BlackElo "2218"]
[PlyCount "45"]
[EventDate "2007.08.13"]
[Source "MonRoi"]

1. d4 e6 2. c4 Nf6 3. g3 d5 4. Nf3 dxc4 5. Bg2 a6 6. a4 Be7 7. Qc2 O-O 8. O-O
Nc6 9. Qxc4 Nb4 10. Nc3 b5 11. Qb3 Rb8 12. axb5 axb5 13. Bg5 Bb7 14. Rfd1 Nbd5
15. Ne5 Nxc3 16. bxc3 Bxg2 17. Kxg2 Rb6 18. Ra7 h6 19. Bc1 Qb8 20. Qa2 Bd6 21.
c4 bxc4 22. Nxc4 Rb4 23. Ra4 1/2-1/2

[Event "New England Masters"]
[Site "Peabody United States"]
[Date "2007.08.16"]
[Round "6"]
[White "Vicary, Elizabeth"]
[Black "Belliard, Luis"]
[Result "0-1"]
[WhiteElo "2148"]
[BlackElo "2232"]
[PlyCount "104"]
[EventDate "2007.08.13"]
[Source "MonRoi"]

1. e4 c5 2. Nf3 d6 3. Bb5+ Nd7 4. c3 a6 5. Ba4 Ngf6 6. Qe2 e5 7. d4 Qc7 8. O-O
Be7 9. Nbd2 O-O 10. Re1 Re8 11. Nf1 h6 12. Ng3 Bf8 13. d5 c4 14. h3 g6 15. Nh2
b5 16. Bc2 h5 17. Bg5 Nh7 18. Be3 Nc5 19. Qd2 a5 20. Bh6 Rb8 21. Bxf8 Rxf8 22.
Qh6 Qe7 23. Nf3 Qf6 24. h4 b4 25. Qe3 b3 26. axb3 cxb3 27. Bd1 a4 28. Be2 Bd7
29. Nf1 Qe7 30. N1d2 f5 31. Qh6 Qg7 32. Qxg7+ Kxg7 33. exf5 Bxf5 34. Nc4 Rfd8
35. Rad1 Nf6 36. Ng5 Ne8 37. Na5 Rb6 38. Nc4 Rb7 39. Na5 Rc7 40. Bb5 Rb8 41. c4
Ra8 42. Bxe8 Rxe8 43. f3 Ra8 44. Nc6 a3 45. bxa3 Rxa3 46. Ne4 Bxe4 47. fxe4 Ra2
48. Rb1 Rc2 49. Re3 b2 50. Kh2 Rb7 51. Nd8 Rb4 52. Rf3 Rc1 0-1

[Event "New England Masters"]
[Site "Peabody United States"]
[Date "2007.08.16"]
[Round "7"]
[White "Pruess, David"]
[Black "Sarkar, Justin"]
[Result "1-0"]
[WhiteElo "2424"]
[BlackElo "2403"]
[PlyCount "95"]
[EventDate "2007.08.13"]
[Source "MonRoi"]

1. e4 c5 2. Nf3 d6 3. d4 cxd4 4. Nxd4 Nf6 5. Nc3 a6 6. f4 e5 7. Nf3 Nbd7 8. a4
Be7 9. Bd3 O-O 10. O-O exf4 11. Kh1 Nc5 12. Bxf4 Bg4 13. Qe1 Re8 14. Rd1 Bh5
15. e5 Nxd3 16. Rxd3 Nd7 17. Qg3 Bg6 18. Rd2 Nc5 19. exd6 Bf6 20. d7 Nxd7 21.
Qh3 Bxc3 22. bxc3 Qf6 23. Bg5 Qf5 24. Rxd7 h6 25. Bh4 Qxh3 26. gxh3 Re2 27. Rf2
Rxf2 28. Bxf2 Bxc2 29. a5 Re8 30. Nd4 Be4+ 31. Kg1 Re5 32. Nb3 Rb5 33. Rd4 Bc2
34. Nc5 Rxa5 35. Nxb7 Ra1+ 36. Kg2 a5 37. c4 a4 38. c5 a3 39. c6 a2 40. c7 Bf5
41. Ra4 Rd1 42. Rxa2 Be4+ 43. Kg3 Rd3+ 44. Kf4 Bxb7 45. Ra7 g5+ 46. Ke5 Rd5+
47. Ke4 f5+ 48. Kf3 1-0

[Event "New England Masters"]
[Site "Peabody United States"]
[Date "2007.08.16"]
[Round "7"]
[White "Robson, Ray"]
[Black "Milman, Lev"]
[Result "0-1"]
[WhiteElo "2347"]
[BlackElo "2499"]
[PlyCount "82"]
[EventDate "2007.08.13"]
[Source "MonRoi"]

1. e4 c5 2. Nf3 Nc6 3. d4 cxd4 4. Nxd4 g6 5. Nc3 Bg7 6. Be3 Nf6 7. Bc4 Qa5 8.
O-O O-O 9. h3 Qb4 10. Qe2 Qxb2 11. Ndb5 Qb4 12. Rab1 Qa5 13. Bd2 Qd8 14. e5 Ne8
15. f4 a6 16. Na3 d6 17. e6 f5 18. Rfe1 Qa5 19. Ncb5 Qb6+ 20. Be3 Qd8 21. Qf2
axb5 22. Nxb5 Ra6 23. Na7 Rxa7 24. Bxa7 Nxa7 25. Qxa7 Qc7 26. Bd5 Nf6 27. Bxb7
Ne4 28. Qa6 Bc3 29. Rf1 Bxe6 30. Qc6 Qxc6 31. Bxc6 Bxa2 32. Rb7 Kf7 33. Rf3 Rc8
34. Ba4 Kf6 35. Bb3 Bxb3 36. cxb3 Bd4+ 37. Kh2 Rc1 38. h4 Bg1+ 39. Kh3 Bf2 40.
g3 h5 41. b4 Rc2 0-1

[Event "New England Masters"]
[Site "Peabody United States"]
[Date "2007.08.16"]
[Round "7"]
[White "Burnett, Ronald"]
[Black "Perelshteyn, Eugene"]
[Result "1/2-1/2"]
[WhiteElo "2373"]
[BlackElo "2540"]
[PlyCount "100"]
[EventDate "2007.08.13"]
[Source "MonRoi"]

1. e4 c5 2. Nf3 g6 3. d4 cxd4 4. Nxd4 Nc6 5. c4 Bg7 6. Be3 Nf6 7. Nc3 d6 8. Be2
O-O 9. Qd2 Nxd4 10. Bxd4 Bd7 11. O-O Bc6 12. f3 a5 13. b3 Nd7 14. a3 Nc5 15.
Bxg7 Kxg7 16. Rab1 Qb6 17. Kh1 Ne6 18. Rfd1 Qf2 19. Nd5 Rfe8 20. g3 Qa7 21. Bf1
Kg8 22. f4 Nc5 23. Bg2 Qb8 24. Re1 Nd7 25. Re3 Qd8 26. e5 dxe5 27. fxe5 e6 28.
Nc3 Nc5 29. Qe2 Bxg2+ 30. Kxg2 Qb6 31. b4 axb4 32. axb4 Nd7 33. Rd1 Ra3 34.
Rxd7 Rxc3 35. Qf3 Rc2+ 36. Kh3 Rf8 37. Rxb7 Qd4 38. Re2 Rxc4 39. Rf2 g5 40. Qf6
Qg4+ 41. Kg2 Qe4+ 42. Kh3 Qg6 43. Qxg6+ hxg6 44. Re2 g4+ 45. Kg2 g5 46. Rb2
Rfc8 47. Rf2 Rf8 48. Rb2 Rc1 49. Rd7 Ra8 50. Rd4 Re1 1/2-1/2

[Event "New England Masters"]
[Site "Peabody United States"]
[Date "2007.08.16"]
[Round "7"]
[White "Enkin, Max"]
[Black "Davies, Nigel"]
[Result "1-0"]
[WhiteElo "2213"]
[BlackElo "2495"]
[PlyCount "103"]
[EventDate "2007.08.13"]
[Source "MonRoi"]

1. e4 c5 2. Nf3 g6 3. d4 cxd4 4. Qxd4 Nf6 5. e5 Nc6 6. Qa4 Nd5 7. Qe4 Nc7 8.
Nc3 Bg7 9. Bc4 b5 10. Bxb5 Nxb5 11. Nxb5 Qa5+ 12. Nc3 Bxe5 13. Nxe5 Qxe5 14.
Qxe5 Nxe5 15. Nd5 Rb8 16. Bf4 f6 17. O-O-O Bb7 18. Ne3 d6 19. Bxe5 fxe5 20.
Rhe1 O-O 21. Rd2 Kg7 22. c4 Rf4 23. b3 g5 24. h3 Kg6 25. Kb2 Rbf8 26. Ree2 h5
27. Kc3 g4 28. hxg4 hxg4 29. b4 Rc8 30. Kb3 Kg5 31. a4 Rd4 32. Kc3 Bxg2 33.
Rxd4 exd4+ 34. Kxd4 Bf3 35. Rd2 Kf4 36. Nd5+ Bxd5 37. cxd5 Kf3 38. a5 Rc1 39.
a6 Rf1 40. b5 Rxf2 41. Rxf2+ Kxf2 42. b6 g3 43. bxa7 g2 44. a8=Q g1=Q 45. Qc6
Kf3+ 46. Kc4 Ke4 47. Kb5 Ke5 48. Qb6 Qf1+ 49. Kc6 Qc4+ 50. Kd7 Qa4+ 51. Kc7
Kxd5 52. Qb7+ 1-0

[Event "New England Masters"]
[Site "Peabody United States"]
[Date "2007.08.16"]
[Round "7"]
[White "Hess, Robert"]
[Black "Bournival, Braden"]
[Result "1-0"]
[WhiteElo "2439"]
[BlackElo "2291"]
[PlyCount "49"]
[EventDate "2007.08.13"]
[Source "MonRoi"]

1. e4 c6 2. Nc3 d5 3. Nf3 Bg4 4. h3 Bxf3 5. Qxf3 Nf6 6. d3 e6 7. a3 Nbd7 8. g4
Qb6 9. Bg2 Bd6 10. O-O h6 11. Qe2 d4 12. Nb1 e5 13. Nd2 Qc7 14. Nc4 g5 15. c3
dxc3 16. bxc3 Nf8 17. f4 gxf4 18. Bxf4 exf4 19. e5 Bxe5 20. d4 O-O-O 21. Nxe5
Ne6 22. Bxc6 bxc6 23. Rab1 Qa5 24. Qc4 Nc7 25. Rb8+ 1-0

[Event "New England Masters"]
[Site "Peabody United States"]
[Date "2007.08.16"]
[Round "7"]
[White "Rizzitano, James"]
[Black "Rensch, Daniel"]
[Result "1-0"]
[WhiteElo "2328"]
[BlackElo "2400"]
[PlyCount "105"]
[EventDate "2007.08.13"]
[Source "MonRoi"]

1. e4 c5 2. Nf3 d6 3. c3 Nf6 4. d3 g6 5. g3 Bg7 6. Bg2 O-O 7. O-O Qc7 8. Nbd2
Nc6 9. a4 b6 10. Nc4 Ba6 11. Qb3 Rab8 12. Re1 Ng4 13. Bf4 Nge5 14. Bxe5 dxe5
15. Red1 Rfd8 16. Ne1 e6 17. Bf1 Rd7 18. Nc2 Na5 19. Nxa5 bxa5 20. Qa2 Rbd8 21.
Ne3 Bxd3 22. Rxd3 Rxd3 23. Bxd3 Rxd3 24. Qc4 Rd7 25. Qb5 h5 26. h4 f5 27. Qc4
Qc6 28. exf5 gxf5 29. Nxf5 Qd5 30. Ne3 Qc6 31. Qb5 Qc8 32. Rd1 Rxd1+ 33. Nxd1
Bh6 34. Qe2 Qd7 35. Qxh5 Bc1 36. Qg6+ Kh8 37. Qc2 Bh6 38. f3 c4 39. Kg2 e4 40.
fxe4 e5 41. Qe2 Qxa4 42. Nf2 Bg7 43. Ng4 Qa1 44. Ne3 Qc1 45. Nxc4 a4 46. Nd6
Bh6 47. Nf7+ Kg7 48. Nxe5 Qd2 49. Qxd2 Bxd2 50. Nd3 a5 51. Kf3 Kf7 52. g4 Bh6
53. Nc5 1-0

[Event "New England Masters"]
[Site "Peabody United States"]
[Date "2007.08.16"]
[Round "7"]
[White "MacIntyre, Paul"]
[Black "Haessel, Dale"]
[Result "1/2-1/2"]
[WhiteElo "2304"]
[BlackElo "2136"]
[PlyCount "48"]
[EventDate "2007.08.13"]
[Source "MonRoi"]

1. e4 e5 2. Nf3 Nf6 3. Nxe5 d6 4. Nf3 Nxe4 5. d4 d5 6. Bd3 Bd6 7. O-O O-O 8. c4
c6 9. Qc2 Re8 10. Nc3 Na6 11. a3 Bg4 12. Nxe4 dxe4 13. Bxe4 Bxf3 14. Bxf3 Qh4
15. g3 Qxd4 16. Be3 Qf6 17. Be4 h5 18. b4 h4 19. Rfe1 Nc7 20. Rad1 a5 21. Bb6
axb4 22. axb4 g6 23. Bd4 Be5 24. Bxe5 Rxe5 1/2-1/2

[Event "New England Masters"]
[Site "Peabody United States"]
[Date "2007.08.16"]
[Round "7"]
[White "Belliard, Luis"]
[Black "Vishnuvardhan, Arjun"]
[Result "0-1"]
[WhiteElo "2232"]
[BlackElo "2325"]
[PlyCount "103"]
[EventDate "2007.08.13"]
[Source "MonRoi"]

1. d4 Nf6 2. Nf3 e6 3. e3 c5 4. Nbd2 b6 5. c3 Bb7 6. Bd3 cxd4 7. exd4 Be7 8.
O-O O-O 9. Re1 d6 10. Ne4 Nbd7 11. Nfg5 h6 12. Nxf6+ Nxf6 13. Ne4 Nxe4 14. Bxe4
Bxe4 15. Rxe4 Bg5 16. Qh5 Bxc1 17. Rxc1 Qg5 18. Qxg5 hxg5 19. Rg4 f6 20. Re4
Kf7 21. c4 Rac8 22. Re3 e5 23. dxe5 dxe5 24. Kf1 Rh8 25. h3 g4 26. Ke2 gxh3 27.
Rxh3 Rxh3 28. gxh3 Ke6 29. Rc3 g5 30. Kd2 f5 31. b3 f4 32. Rd3 Rh8 33. b4 e4
34. Rd4 Rxh3 35. Rxe4+ Kf5 36. Re2 Ra3 37. Kc1 Rc3+ 38. Rc2 Rxc2+ 39. Kxc2 Ke4
40. c5 bxc5 41. bxc5 Kd5 42. Kd3 g4 43. c6 Kxc6 44. Ke4 g3 45. fxg3 fxg3 46.
Kf3 Kc5 47. Kxg3 Kb4 48. Kf3 Ka3 49. Ke3 Kxa2 50. Kd3 Kb3 51. Kd2 Kb2 52. Kd3
0-1

[Event "New England Masters"]
[Site "Peabody United States"]
[Date "2007.08.16"]
[Round "7"]
[White "Figler, Ilye"]
[Black "Alvarez, Franklin"]
[Result "1-0"]
[WhiteElo "2332"]
[BlackElo "2200"]
[PlyCount "98"]
[EventDate "2007.08.13"]
[Source "MonRoi"]

1. d4 Nf6 2. c4 e6 3. Nc3 Bb4 4. e3 b6 5. Nge2 Bb7 6. a3 Bxc3+ 7. Nxc3 d5 8.
cxd5 exd5 9. b4 O-O 10. Bd3 Re8 11. O-O Nbd7 12. Rb1 Ne4 13. Ne2 Qh4 14. b5
Ndf6 15. f3 Nd6 16. Bd2 Nh5 17. Qc2 Re7 18. Bxh7+ Kh8 19. Bd3 a6 20. a4 g6 21.
Nc3 a5 22. Qa2 Nf6 23. Rbe1 Kg7 24. Re2 Rh8 25. g3 Qh3 26. g4 Nc4 27. g5 Nh5
28. Bxc4 dxc4 29. e4 Qh4 30. Rg2 Nf4 31. Bxf4 Qxf4 32. Qd2 Qd6 33. d5 Qc5+ 34.
Qf2 Qxf2+ 35. Kxf2 Bc8 36. Rh1 Rh4 37. Ke3 Re8 38. Rc1 Reh8 39. Ne2 Rxh2 40.
Rxh2 Rxh2 41. Rxc4 Bh3 42. Rxc7 Bf1 43. Nd4 Ra2 44. e5 Ra3+ 45. Kf2 Rxa4 46.
Ne6+ Kg8 47. Rc8+ Kh7 48. Nf8+ Kg7 49. Kxf1 Rd4 1-0

[Event "New England Masters"]
[Site "Peabody United States"]
[Date "2007.08.16"]
[Round "7"]
[White "Shankar, Gauri"]
[Black "Bick, John"]
[Result "1/2-1/2"]
[WhiteElo "2177"]
[BlackElo "2218"]
[PlyCount "21"]
[EventDate "2007.08.13"]
[Source "MonRoi"]

1. d4 c5 2. d5 f5 3. g3 Nf6 4. Bg2 g6 5. b3 Bg7 6. Bb2 d6 7. Nh3 Na6 8. c4 Nc7
9. O-O O-O 10. Nc3 Qe8 11. a4 1/2-1/2

[Event "New England Masters"]
[Site "Peabody United States"]
[Date "2007.08.17"]
[Round "8"]
[White "Kritz, Leonid"]
[Black "Pruess, David"]
[Result "1-0"]
[WhiteElo "2571"]
[BlackElo "2424"]
[PlyCount "71"]
[EventDate "2007.08.13"]
[Source "MonRoi"]

1. e4 c5 2. Nc3 d6 3. Nge2 Nf6 4. g3 b5 5. Bg2 Bb7 6. d3 b4 7. Nd5 Nxd5 8. exd5
e5 9. O-O Nd7 10. c3 Be7 11. Be3 a5 12. a3 Nf6 13. c4 O-O 14. h3 Nd7 15. Qd2
Bf6 16. g4 g6 17. Ng3 Bg7 18. Bg5 Bf6 19. Bh6 Bg7 20. Bg5 Bf6 21. Be3 Bg7 22.
Rae1 Bc8 23. Kh2 Rb8 24. a4 Qe7 25. Bg5 Bf6 26. Bxf6 Qxf6 27. f4 Qh4 28. Ne4
Rb6 29. f5 Nf6 30. Nxf6+ Qxf6 31. fxg6 Qxg6 32. Be4 Qg7 33. g5 Kh8 34. Rf6 Rg8
35. Rg1 Qf8 36. Bxh7 1-0

[Event "New England Masters"]
[Site "Peabody United States"]
[Date "2007.08.17"]
[Round "8"]
[White "Critelli, James"]
[Black "Milman, Lev"]
[Result "0-1"]
[WhiteElo "2262"]
[BlackElo "2499"]
[PlyCount "88"]
[EventDate "2007.08.13"]
[Source "MonRoi"]

1. e4 c5 2. Nf3 d6 3. d4 cxd4 4. Nxd4 Nf6 5. Nc3 a6 6. f4 Nbd7 7. a4 g6 8. Nf3
Qc7 9. Bd3 Bg7 10. O-O O-O 11. Qe1 Nc5 12. Kh1 Bg4 13. Qh4 b5 14. f5 Nxd3 15.
cxd3 Bxf3 16. Rxf3 b4 17. Nd1 Qc2 18. Bg5 Rac8 19. Rh3 h5 20. Qe1 Ng4 21. Rf3
Ne5 22. Rf2 Nxd3 23. Rxc2 Nxe1 24. Rd2 Nc2 25. Rc1 Nd4 26. Rxc8 Rxc8 27. fxg6
fxg6 28. Bxe7 Rc1 29. Kg1 Be5 30. Bg5 Ra1 31. Kf2 Nb3 32. Rd5 Nc5 33. Kf3 Nxa4
34. Ra5 Rxd1 35. Rxa4 Rd3+ 36. Ke2 Rb3 37. Bd2 Rxb2 38. Kd3 b3 39. Rxa6 Ra2 40.
Rb6 b2 41. g3 Ra1 42. Kc2 Rh1 43. Bf4 Rxh2+ 44. Kb1 Rh1+ 0-1

[Event "New England Masters"]
[Site "Peabody United States"]
[Date "2007.08.17"]
[Round "8"]
[White "Robson, Ray"]
[Black "Perelshteyn, Eugene"]
[Result "1-0"]
[WhiteElo "2347"]
[BlackElo "2540"]
[PlyCount "87"]
[EventDate "2007.08.13"]
[Source "MonRoi"]

1. e4 e5 2. Nf3 Nc6 3. Bb5 a6 4. Ba4 Nf6 5. O-O Be7 6. Re1 b5 7. Bb3 d6 8. c3
O-O 9. h3 Na5 10. Bc2 c5 11. d4 Qc7 12. d5 Bd7 13. Nbd2 c4 14. Nf1 Nb7 15. g4
h5 16. N3h2 g6 17. f4 hxg4 18. hxg4 Nh7 19. f5 Ng5 20. Kg2 Kg7 21. Nf3 Nxf3 22.
Qxf3 Qd8 23. Qe3 Rh8 24. Ng3 Nc5 25. Bd2 f6 26. Rh1 g5 27. Rxh8 Qxh8 28. Rh1
Qg8 29. Qg1 Kf7 30. Rh6 Bf8 31. Rg6 Qh8 32. b4 cxb3 33. axb3 a5 34. b4 axb4 35.
cxb4 Na4 36. Nh5 Be7 37. Qc1 Qc8 38. Rg7+ Kf8 39. Bxg5 Nb6 40. Rh7 Qc4 41. Bxf6
Qe2+ 42. Kg3 Bxf6 43. Qh6+ Ke8 44. Rh8+ 1-0

[Event "New England Masters"]
[Site "Peabody United States"]
[Date "2007.08.17"]
[Round "8"]
[White "Shankland, Samuel"]
[Black "Enkin, Max"]
[Result "1/2-1/2"]
[WhiteElo "2166"]
[BlackElo "2213"]
[PlyCount "93"]
[EventDate "2007.08.13"]
[Source "MonRoi"]

1. e4 c5 2. Nf3 d6 3. d4 cxd4 4. Nxd4 Nf6 5. Nc3 e6 6. Be3 Be7 7. f4 Nc6 8. Qf3
e5 9. Nxc6 bxc6 10. fxe5 dxe5 11. Bc4 O-O 12. h3 Be6 13. Bxe6 fxe6 14. Qe2 Bb4
15. Bd2 Qb6 16. O-O-O Rab8 17. Qc4 Ba3 18. Qxe6+ Kh8 19. Qb3 Bxb2+ 20. Kxb2 Qf2
21. g4 a5 22. Rhf1 Qa7 23. g5 Rxb3+ 24. axb3 Nd7 25. Be3 Qxe3 26. Rxd7 Rb8 27.
h4 Qh3 28. Rff7 Qxh4 29. Rxg7 Rg8 30. Rge7 Rxg5 31. Re8+ Rg8 32. Rxe5 Qf6 33.
Ree7 Qg6 34. Ra7 h5 35. Rxa5 Re8 36. Rd7 h4 37. Rd3 Qg4 38. Ra1 Re7 39. Rh1 Rh7
40. Rd8+ Kg7 41. Ra1 Qe6 42. Rg1+ Kh6 43. Rdg8 Kh5 44. R8g5+ Kh6 45. R5g4 Kh5
46. Rg5+ Kh6 47. R5g4 1/2-1/2

[Event "New England Masters"]
[Site "Peabody United States"]
[Date "2007.08.17"]
[Round "8"]
[White "Davies, Nigel"]
[Black "MacIntyre, Paul"]
[Result "1-0"]
[WhiteElo "2495"]
[BlackElo "2304"]
[PlyCount "109"]
[EventDate "2007.08.13"]
[Source "MonRoi"]

1. e4 e5 2. Nf3 Nc6 3. Nc3 Nf6 4. g3 Bc5 5. Bg2 d6 6. d3 a6 7. O-O Be6 8. Be3
Nd4 9. Bxd4 exd4 10. Ne2 Bg4 11. h3 Bxf3 12. Bxf3 Qd7 13. Bg2 O-O-O 14. c3 dxc3
15. bxc3 h5 16. d4 Ba7 17. Rb1 c6 18. Nf4 Rde8 19. Re1 Re7 20. Nd3 h4 21. g4
Rhe8 22. f3 Qe6 23. Qd2 Nd7 24. Kh1 f6 25. Nf4 Qf7 26. Bf1 g6 27. Bd3 Qg7 28.
Qb2 Nb8 29. Qa3 Qh6 30. Ng2 Qd2 31. Rbd1 Qf2 32. Qxd6 Qxf3 33. Qh2 Qg3 34. Qxg3
hxg3 35. Nf4 Rg7 36. e5 fxe5 37. Nxg6 Nd7 38. Bf5 Kc7 39. Bxd7 Rxd7 40. Nxe5
Rde7 41. Kg2 c5 42. h4 cxd4 43. cxd4 Kd6 44. h5 Kd5 45. g5 Bxd4 46. h6 Rxe5 47.
Rxe5+ Rxe5 48. h7 Re8 49. g6 Ke6 50. Rxd4 Kf6 51. Rd6+ Kg7 52. Kxg3 Rc8 53. Kf4
Rc4+ 54. Ke5 Rh4 55. Rd8 1-0

[Event "New England Masters"]
[Site "Peabody United States"]
[Date "2007.08.17"]
[Round "8"]
[White "Rensch, Daniel"]
[Black "Haessel, Dale"]
[Result "1-0"]
[WhiteElo "2400"]
[BlackElo "2136"]
[PlyCount "48"]
[EventDate "2007.08.13"]
[Source "MonRoi"]

1. e4 e5 2. Nf3 Nf6 3. Nxe5 d6 4. Nc4 Nxe4 5. Nc3 Nxc3 6. bxc3 Be7 7. d4 O-O 8.
Bd3 c5 9. Ne3 Nc6 10. O-O Bf6 11. Nd5 cxd4 12. Qh5 g6 13. Nxf6+ Qxf6 14. Qh6
dxc3 15. Bg5 Qg7 16. Qh4 Qd4 17. Be4 Re8 18. Bf6 Rxe4 19. Rae1 Qd2 20. Rxe4 Bf5
21. Re3 h5 22. Bxc3 Qxc2 23. Qf6 Ne5 24. Rxe5 dxe5 1-0

[Event "New England Masters"]
[Site "Peabody United States"]
[Date "2007.08.17"]
[Round "8"]
[White "Vishnuvardhan, Arjun"]
[Black "Liu, Elliot"]
[Result "1/2-1/2"]
[WhiteElo "2325"]
[BlackElo "2260"]
[PlyCount "54"]
[EventDate "2007.08.13"]
[Source "MonRoi"]

1. e4 c5 2. Nc3 Nc6 3. g3 g6 4. Bg2 Bg7 5. d3 d6 6. f4 Nh6 7. Nf3 O-O 8. O-O f5
9. Kh1 Nd4 10. Be3 Nf7 11. Qd2 Bd7 12. Rae1 Bc6 13. Nh4 e6 14. Nd1 Qd7 15. c3
Nb5 16. Bg1 b6 17. Qe2 Rae8 18. g4 d5 19. h3 dxe4 20. dxe4 Nbd6 21. exf5 exf5
22. Bxc6 Qxc6+ 23. Qg2 Ne4 24. Bh2 Nfd6 25. Ne3 Kh8 26. Nf3 Qa4 27. Ne5 Qa6
1/2-1/2

[Event "New England Masters"]
[Site "Peabody United States"]
[Date "2007.08.17"]
[Round "8"]
[White "Bick, John"]
[Black "Yanayt, Eugene"]
[Result "1-0"]
[WhiteElo "2218"]
[BlackElo "2335"]
[PlyCount "105"]
[EventDate "2007.08.13"]
[Source "MonRoi"]

1. d4 Nf6 2. c4 g6 3. Nc3 Bg7 4. e4 d6 5. Be2 O-O 6. Bg5 Na6 7. Qc1 e5 8. d5
Qe8 9. h4 Nc5 10. Qc2 h6 11. Be3 c6 12. h5 g5 13. f3 cxd5 14. cxd5 Bd7 15. g4
Rc8 16. Qd2 a5 17. Nh3 Nh7 18. Nf2 b5 19. O-O Bf6 20. Nh1 Bd8 21. Ng3 b4 22.
Nd1 Bb6 23. Bf2 Nf6 24. Ne3 Kh7 25. Nc4 Bc7 26. b3 Bb5 27. Rfb1 Na6 28. Nf5
Bxc4 29. Bxc4 Ra8 30. Kg2 Ng8 31. Qe2 Nb8 32. a3 bxa3 33. Rxa3 Ne7 34. Ng3 Nd7
35. Rba1 Qd8 36. Be1 Bb6 37. b4 Bd4 38. R1a2 Nb6 39. Rxa5 Rc8 40. Bd3 Rc1 41.
Qd2 Rc3 42. Qe2 Rc7 43. Rc2 Rxc2 44. Qxc2 Qd7 45. Ba6 Ra8 46. Bd2 Ra7 47. Ne2
Rc7 48. Qb3 Nec8 49. Qd3 Kg8 50. Ra2 Ra7 51. Nxd4 exd4 52. Qxd4 Qc7 53. Bc3 1-0

[Event "New England Masters"]
[Site "Peabody United States"]
[Date "2007.08.17"]
[Round "9"]
[White "Robson, Ray"]
[Black "Ippolito, Dean"]
[Result "1/2-1/2"]
[WhiteElo "2347"]
[BlackElo "2395"]
[PlyCount "67"]
[EventDate "2007.08.13"]
[Source "MonRoi"]

1. e4 e5 2. Nf3 Nf6 3. d4 Nxe4 4. Bd3 d5 5. Nxe5 Nd7 6. Nc3 Nxc3 7. bxc3 Nxe5
8. dxe5 Bc5 9. Qh5 Be6 10. Rb1 Rb8 11. O-O g6 12. Qh6 Bf8 13. Qe3 a6 14. Qa7
Qc8 15. Bg5 b6 16. Qxa6 Qxa6 17. Bxa6 Be7 18. Bh6 Kd7 19. Rfd1 Ra8 20. Bb7 Ra7
21. Bxd5 Bxd5 22. c4 Rxa2 23. cxd5 Rxc2 24. d6 cxd6 25. exd6 Bf6 26. Rxb6 Rb2
27. Ra6 Rhb8 28. g3 R2b6 29. Ra7+ R8b7 30. Rxb7+ Rxb7 31. h4 Be5 32. Kg2 Rb8
33. Be3 Rc8 34. Rd2 1/2-1/2

[Event "New England Masters"]
[Site "Peabody United States"]
[Date "2007.08.17"]
[Round "9"]
[White "Enkin, Max"]
[Black "Sarkar, Justin"]
[Result "1/2-1/2"]
[WhiteElo "2213"]
[BlackElo "2403"]
[PlyCount "49"]
[EventDate "2007.08.13"]
[Source "MonRoi"]

1. e4 c5 2. Nf3 e6 3. d3 Nc6 4. g3 g6 5. Bg5 Qc7 6. Bg2 Bg7 7. c3 Nge7 8. O-O
d5 9. Re1 d4 10. cxd4 cxd4 11. Bxe7 Qxe7 12. e5 g5 13. h3 h5 14. g4 hxg4 15.
hxg4 Bd7 16. Na3 O-O-O 17. Qc1 Kb8 18. Qxg5 Qxg5 19. Nxg5 Rh4 20. Re4 Nxe5 21.
Rxe5 Bxe5 22. Nf3 Bf6 23. Nxh4 Bxh4 24. Re1 Rg8 25. Re4 1/2-1/2